00488 2200193 4500001002100000005001500021035002000036008004100056245005900097100001300156250000600169260004700175300001200222084001400234082000800248650001400256990001200270990001200282INLIS00000000000025820240503073116 a0010-0424000234240503 0 ind 1 aStrategi Jitu Menjuarai OSN Fisika Jilid 3 /cTIM LOPI aTIM LOPI a1 aJakarta :bPT. Bina Prestasi Insani,c2017 a166 hlm a530 TIM s a530 4aNon Fiksi a0732380 a0732381